Káva
Z obsahu: Slovenského spotrebiteľa stojí káva čoraz menej. Tromf menom Extra Špeciál zarába najmä Popradčanom. Balenia najlacnejších káv nemajú meno. Najúčinnejšou expanziou bola kúpa zavedených pražiarní. Svetové ceny surovej kávy sú nízke a ešte budú klesať.
Guardado en:
| Autor principal: | |
|---|---|
| Otros Autores: | , |
| Formato: | Capítulo de libro |
| Lenguaje: | eslovaco |
| Materias: | |
| Etiquetas: |
Sin Etiquetas, Sea el primero en etiquetar este registro!
|
MARC
| LEADER | 00000naa a2200000 4500 | ||
|---|---|---|---|
| 001 | r045597 | ||
| 005 | 20230921114122.4 | ||
| 041 | 0 | |a slo | |
| 044 | |a SK | ||
| 245 | 1 | 0 | |a Káva |c Konštantín Čikovský, Roman Schönwiesner, Peter Kremský |
| 520 | |a Z obsahu: Slovenského spotrebiteľa stojí káva čoraz menej. Tromf menom Extra Špeciál zarába najmä Popradčanom. Balenia najlacnejších káv nemajú meno. Najúčinnejšou expanziou bola kúpa zavedených pražiarní. Svetové ceny surovej kávy sú nízke a ešte budú klesať. | ||
| 610 | 2 | 0 | |a káva |
| 610 | 2 | 0 | |a ceny |
| 610 | 2 | 0 | |a balenie |
| 610 | 2 | 0 | |a Slovensko |
| 610 | 2 | 0 | |a svet |
| 100 | 1 | |a Čikovský, Konštantín | |
| 700 | 1 | |a Schönwiesner, Roman | |
| 700 | 1 | |a Kremský, Peter | |